01686cam a2200373 i 450000100090000000300040000900500170001300800410003001000170007102000180008804000280010604200080013405000210014208200170016310000370018024000370021724501900025425000230044426400510046730000310051833600260054933700280057533800270060349000720063050000630070250000200076565000270078570000320081294200400084495201370088495201370102195201370115899900170129519294117OSt20250610115754.0160928s2018 nyu 001 0 eng  a 2016042219 a9789353161170 aDLCbengerdacDLCdDLC apcc00aTS155b.J27 201800a658.5bJAC/O1 aJacobs, F. Roberteauthor.9130710aOperations and supply management10aOperations and supply chain management /cF. Robert Jacobs, Indiana University, Richard B. Chase, University of Southern California. Ravi Shankar, Indian Institute of Technology, Delhi. aFifteenth edition. 1aNew York, NY :bMcGraw-Hill Education,c[2018] axxviii, 793 pages ;c29 cm atextbtxt2rdacontent aunmediatedbn2rdamedia avolumebnc2rdacarrier0 aThe McGraw-Hill Education series : operations and decision sciences aPreviously published as: Operations and supply management. aIncludes index. 0aProduction management.1 aChase, Richard B.,eauthor. 2ddccBKh658.5iJAC/Ok658.5mJAC/O 00102ddc40708MANAGEMENTaMESbMEScMANAGEMENTd2025-06-10l0o658.5 JAC/Op45906r2025-06-10 11:57:45t1w2025-06-10yBKzGL53R1 00102ddc40708MANAGEMENTaMESbMEScMANAGEMENTd2025-06-10l0o658.5 JAC/Op45907r2025-06-10 11:57:45t2w2025-06-10yBKzGL53R1 00102ddc40708MANAGEMENTaMESbMEScMANAGEMENTd2025-06-10l0o658.5 JAC/Op45908r2025-06-10 11:57:45t3w2025-06-10yBKzGL53R1 c44519d44519